Fawlty Towers Episodes - Statistics

General Stats
  • This quiz has been taken 72 times
  • The average score is 9 of 12
Answer Stats
Season x Episode # Episode Title % Correct
1x06 The Germans
93%
2x06 Basil the Rat
84%
2x01 Communication Problems
84%
1x02 The Builders
84%
1x04 The Hotel Inspectors
79%
1x05 Gourmet Night
77%
1x01 A Touch of Class
72%
2x03 Waldorf Salad
72%
2x05 The Anniversary
70%
2x04 The Kipper and the Corpse
70%
1x03 The Wedding Party
63%
2x02 The Psychiatrist
58%
No matching quizzes found
Score Distribution
Percent of People with Each Score
Percentile by Number Answered
Your Score History
You have not taken this quiz